| 000 | 01347nam a22003737a 4500 | ||
|---|---|---|---|
| 003 | CHAP | ||
| 005 | 20220817044333.0 | ||
| 008 | 101116s2007 it a r 00010 eng d | ||
| 010 | _a98138 | ||
| 011 | _a99110 | ||
| 020 | _a9789251057827 | ||
| 035 | _a109795 | ||
| 040 | _cCHAP | ||
| 082 | 0 | 4 |
_a338.181 _bF21yEs. v.9 |
| 110 | 2 | _aFAO | |
| 245 | 1 | 0 |
_aClimate variability and change : _badaptation to drought in Bangladesh. A resource book and training guide _c/preparado por Selvaraju Ramamasy y Stephan Baas |
| 260 |
_aRome _bFAO, _c2007 |
||
| 300 |
_aviii, 56 p. : _bilus., gráfs., Tablas |
||
| 490 | 0 |
_aFAO. Instituciones para el desarrollo rural. Estudio de casos _v; 9 |
|
| 590 |
_aBATCH-UPD _b10 _c20130110 _lUCH01 _h1221 |
||
| 590 |
_aBATCH-UPD _b10 _c20130410 _lUCH01 _h0755 |
||
| 590 |
_aBATCH-UPD _b10 _c20130914 _lUCH01 _h0514 |
||
| 590 |
_aCONVERSION _b10 _c20130109 _lUCH01 _h1354 |
||
| 650 | 1 | 4 |
_aCambio climático. _917781 |
| 650 | 1 | 4 |
_aCapacitación. _918690 |
| 650 | 1 | 4 |
_aEntorno económico. _937161 |
| 650 | 1 | 4 |
_aRecursos naturales. _995172 |
| 700 | 1 |
_aBaas, Stephan _99238 |
|
| 700 | 1 |
_aRamamasy, Selvaraju _993807 |
|
| 830 | 0 |
_aFAO. Instituciones para el desarrollo rural. Estudio de casos _v; 9 _939602 |
|
| 901 | _aBK | ||
| 942 | _cLIBRO | ||
| 949 |
_a338.181 F21y Es. v.9 _bBC _cFAO _d33724002072512 _eFAO1 _h113767 _i109795 _sb |
||
| 999 |
_c98138 _d98138 |
||